Memoria acerca del estado del colegio y escuelas de Santa María de Cée (fundado por D. Fernando Blanco de Lema) (Record no. 184388)

MARC details
000 -LEADER
campo de control de longitud fija 00656nam a22001575i 4500
001 - NÚMERO DE CONTROL
campo de control 184388
003 - IDENTIFICADOR DE NÚMERO DE CONTROL
campo de control ES-MaACL
005 - FECHA Y HORA DE LA ÚLTIMA TRANSACCIÓN
campo de control 20230906222200.0
008 - DATOS DE LONGITUD FIJA--INFORMACIÓN GENERAL
campo de control de longitud fija 150804s1898 sp |||| | spa d
110 2# - ENTRADA PRINCIPAL--NOMBRE DE ENTIDAD CORPORATIVA
Nombre de entidad corporativa o nombre de jurisdicción como elemento de entrada Colegio-Instituto de Santa María de Cée.
9 (RLIN) 134272
245 10 - MENCIÓN DEL TÍTULO
Título Memoria acerca del estado del colegio y escuelas de Santa María de Cée (fundado por D. Fernando Blanco de Lema)
Resto del título : curso de 1897 á 1898 /
Mención de responsabilidad, etc. escrita y leída por Manuel Porrúa Rodríguez.
260 ## - PUBLICACIÓN, DISTRIBUCIÓN, ETC.
Lugar de publicación, distribución, etc. Madrid :
Nombre del editor, distribuidor, etc. [s.n.],
Fecha de publicación, distribución, etc. 1898 (
Fabricante Imprenta de Hernando y Compañía)
300 ## - DESCRIPCIÓN FÍSICA
Extensión 60 p. ;
Dimensiones 23 cm.
700 1# - ENTRADA AGREGADA--NOMBRE PERSONAL
Nombre de persona Porrúa Rodríguez, Manuel.
9 (RLIN) 131288
852 ## - LOCALIZACIÓN
Ubicación ES-MaACL
Número de control de estantería T-869-F-10
Holdings
Estatus retirado Estado de pérdida Estado de daño No para préstamo Colección Biblioteca de origen Biblioteca actual Ubicación en estantería Fecha de adquisición Fuente de adquisición Total de préstamos Signatura topográfica completa Código de barras Visto por última vez Precio de reemplazo Tipo de ítem Koha
        Colección de folletos Biblioteca del Ateneo de Madrid Biblioteca del Ateneo de Madrid Depósito folletos 04/08/2015     T-869-F-10 1193996 23/02/2023 23/02/2023 Folleto